| 000 | 01017 a2200289 4500 | ||
|---|---|---|---|
| 005 | 20260324104736.0 | ||
| 008 | 260324b |||||||| |||| 00| 0 eng d | ||
| 041 | _aEn | ||
| 044 | _aCIV | ||
| 090 | _bDG/A/1672 | ||
| 100 | _aFONDIO, Lassina | ||
| 100 | _aKOUAKOU, Letto Ange | ||
| 110 | _aCentre National de Recherche Agronomique | ||
| 110 | _bCote d'Ivoire | ||
| 242 | _aEvaluation de l'effet du compost de dechets de mangue sur la germination des noix, et la croissance des porte-greffes et des greffons d'anacardier (Anacardium occidental L.) en pepiniere | ||
| 245 | _aEvaluation of mango waste compost effect on nut germination rootstock and scion growth of cashew (Anacardium occidentale L.) in the nursery | ||
| 260 | _aIndian Journal of Agricultural Research | ||
| 260 | _bCNRA | ||
| 260 | _c[s. d] | ||
| 302 | _a p.1-9 | ||
| 388 | _a2026-03-24 | ||
| 650 |
_2AGROVOC _gAnacardier |
||
| 650 | _2Compost | ||
| 650 | _gGermination | ||
| 650 | _gCroissance des plantes | ||
| 650 | _gSubstrat | ||
| 999 |
_c6015 _d6015 |
||